| 000 | 00740nam a2200241 i 4500 | ||
|---|---|---|---|
| 001 | C2-0302647 | ||
| 003 | PPAK | ||
| 005 | 20180728083648.0 | ||
| 008 | 100204s2006 nyua|||| ||||| | eng d | ||
| 020 | _a9781892127846 | ||
| 040 |
_aPPAK _beng _cPPAK _erda |
||
| 082 | 0 | 4 |
_a745.593 _223 |
| 090 | 0 | 0 |
_a745.593 _bSIG _dRLCK |
| 100 | 1 |
_aSigurdson, Trudy, _eauthor |
|
| 245 | 1 | 0 |
_aEmbellished emotions for scrapbookers _badding your personal touch to poems, quotes and saying |
| 264 | 1 |
_aNew York : _bDenver, Colorado , _c2006 |
|
| 300 |
_a122 pages : _bcolour illustrations ; _c27 cm |
||
| 336 |
_2rdacontent _atext |
||
| 337 |
_2rdamedia _aunmediated |
||
| 338 |
_2rdacarrier _avolume |
||
| 650 | 1 | 0 | _aPhotograph albums |
| 942 |
_ddc _cB |
||
| 999 |
_c106204 _d106204 |
||